Φαινομένο του θερμοκηπίου : βιβλιογραφική ανασκόπηση με έμφαση στην ισορροπία του διοξειδίου του άνθρακα στο σύστημα ατμόσφαιρα - θάλασσα - ιζήματα : πτυχιακή εργασία

Αποθηκεύτηκε σε:
Λεπτομέρειες βιβλιογραφικής εγγραφής
Κύριος συγγραφέας: Παυλογεωργάτος, Γεράσιμος Δ.
Συγγραφή απο Οργανισμό/Αρχή: Πανεπιστήμιο Αιγαίου. Σχολή Περιβάλλοντος. Τμήμα Περιβάλλοντος
Άλλοι συγγραφείς: Λέκκας, Θεμιστοκλής Δ. (Εισηγητής διατριβής)
Μορφή: Thesis Βιβλίο
Γλώσσα:Greek
Δημοσίευση: Μυτιλήνη : Πανεπιστήμιο Αιγαίου, Σχολή Περιβάλλοντος, Τμήμα Περιβάλλοντος, 1992
Θέματα:
Διαθέσιμο Online:http://hdl.handle.net/11610/10084
Ετικέτες: Προσθήκη ετικέτας
Δεν υπάρχουν, Καταχωρήστε ετικέτα πρώτοι!

MARC

LEADER 00000cam a2200000 i 4500
001 1/3370
008 000519s1992 gre d
035 |l 10060774 
040 |a GR-MY-UA  |b gre  |e aacr 
041 0 |a gre 
082 0 |a 577.276  |2 (22) 
100 1 |a Παυλογεωργάτος, Γεράσιμος Δ. 
245 1 0 |a Φαινομένο του θερμοκηπίου :  |b βιβλιογραφική ανασκόπηση με έμφαση στην ισορροπία του διοξειδίου του άνθρακα στο σύστημα ατμόσφαιρα - θάλασσα - ιζήματα : πτυχιακή εργασία /  |c Παυλογεωργάτος Γεράσιμος ; επιβλέπων καθηγητής Λέκκας Θεμιστόκλης 
260 |a Μυτιλήνη :   |b Πανεπιστήμιο Αιγαίου, Σχολή Περιβάλλοντος, Τμήμα Περιβάλλοντος,   |c 1992 
300 |a 136 σ.;  |b πιν.; σχ.;  |c 30 εκ. 
500 |a Επιτροπή: Κ. Σοφούλης, Ν. Βλάχος 
502 |a Πτυχιακή εργασία – Πανεπιστήμιο Αιγαίου, Λέσβος, 1992. 
504 |a Περιέχει βιβλιογραφία 
650 0 0 |a Greenhouse effect, Atmospheric. 
650 0 0 |a Greenhouse effect, Atmospheric  |x Environmental aspects. 
650 0 0 |a Dissertations, Academic  |z Greece. 
700 1 |4 ths  |a Λέκκας, Θεμιστοκλής Δ. 
710 2 |a Πανεπιστήμιο Αιγαίου.   |b Σχολή Περιβάλλοντος.   |b Τμήμα Περιβάλλοντος. 
852 |a INST  |b LESVOS  |c DIATR  |e 20000519  |h 35  |p 005100024414  |q 005100024414  |t DIE  |y 23 
852 |a INST  |b LESVOS  |c DIATR  |e 20000519  |h 36  |p 005100024413  |q 005100024413  |t DIE  |y 23 
856 |u http://hdl.handle.net/11610/10084 
901 |a BIBL1-2000-2 
909 |a Λ  |b 078674 
909 |a Λ  |b 078675 
924 |a ΠΑΥΛΟΓΕΩΡΓΑΤΟΣ  |b ΓΕΡΑΣΙΜΟΣ Δ.  |y ΛΕΣΒΟΣ  |z 1993-03 
970 |a ΑΙΒΑΤΖΙΔΟΥ  |b ΕΛΕΝΗ  |z 2000/05/19